MARC

LEADER 00000nam0a2200000 4500
001 350988
005 20231102010346.0
035 |a (RuTPU)RU\TPU\retro\5387 
090 |a 350988 
100 |a 20190318d1963 m y0rusy50 ca 
101 0 |a rus 
102 |a PL 
105 |a a g 001zy 
200 1 |a Малый туристский путеводитель по Польше  |f сост. А. Байцар 
210 |a Варшава  |c Полония  |d 1963 
215 |a 128 с.  |c ил. 
317 |5 63413507: КР-6331  |a Поступила в НТБ в 1987 г. в дар от вдовы ученого Е. К. Завадовской 
320 |a Указ.: с. 120-128 
606 1 |a Польша  |x География  |2 stltpush  |3 (RuTPU)RU\TPU\subj\50790  |9 69438 
606 1 |a Путеводители  |2 stltpush  |3 (RuTPU)RU\TPU\subj\53225  |9 71545 
610 1 |a история 
610 1 |a географические особенности 
610 1 |a население 
610 1 |a исторические памятники 
610 1 |a исторические места 
610 1 |a туристские маршруты 
610 1 |a экскурсии 
610 1 |a города 
610 1 |a памятники 
610 1 |a гостиницы 
610 1 |a курорты 
610 1 |a музеи 
610 1 |a спорт 
610 1 |a поляки 
610 1 |a культура 
610 1 |a библиотека А. А. Воробьева 
610 1 |a дары библиотеке 
675 |a 91(4)  |v 4 
686 |a Я23  |2 rubbk 
702 1 |a Байцар  |b А.  |g Адам  |4 220 
801 1 |a RU  |b 63413507  |c 20190318 
801 2 |a RU  |b 63413507  |c 20190605  |g RCR 
942 |c BK